000 00272nam a2200121 i 4500
001 bg
245 0 _aMatematyka-fizyka. Sesja naukowa 30 V 1970.
260 _aGliwice,
_c1970.
040 _cBPK
041 _apol
942 _cKS
008 s pl f |000 0 pol
999 _c7300
_d7300
856 _uhttp://koha.tu.koszalin.pl/cgi-bin/koha/opac-detail.pl?biblionumber=7300
_yKatalog online BPK